ORAL medicine and pathology at a glance

Guardat en:
Dades bibliogràfiques
Autor principal: DIOS D. P ...[et al.]
Format: Llibre
Idioma:anglès
Publicat: John Wiley 2017
Etiquetes: Afegir etiqueta
Sense etiquetes, Sigues el primer a etiquetar aquest registre!

MARC

LEADER 00000nam a22000007a 4500
008 201215b ||||| |||| 00| 0 eng d
020 |a 978-1-119-12134-3 
100 |a DIOS D. P ...[et al.] 
245 |a  ORAL medicine and pathology at a glance  |c  Pedro Diz Dios ...[et al.]  |g viii, 130p.; ill. 
250 |b 2nd ed 
260 |b John Wiley  |c  2017  |h Chichester, West Sussex, UK  |i 685072  |l RD526 .Or1  |m Jaw diseases – Pathology  |m Mouth diseases – Pathology 
500 |a It includes bibliographical reference and index”. (At a glance series). 
942 |a lcc  |c BK  |e ADEYEYE Y. S.  |f 15/12/2020 
952 |0 0  |1 0  |2 lcc  |4 0  |6 RD0526 O R1  |7 0  |9 496  |a HOL  |b HOL  |c QZ  |d 2020-12-15  |l 0  |o RD526 .Or1  |p 2020-2224  |r 2020-12-15 00:00:00  |w 2020-12-15  |y BK 
999 |c 260  |d 260